000 01165cam a22002775a 4500
999 _c6162
_d6162
003 EG-ScBUE
005 20210205125749.0
008 171127s1987 ku a f b 001 0 ara d
040 _aEG-ScBUE
_bara
_erda
_cEG-ScBUE
_dEG-ScBUE
082 0 4 _a809.1
_bم ك ا
_222
100 1 _aمكاوي، عبد الغفار،‏
_d1930-2012،
_eمؤلف.
_929721
245 1 0 _aقصيدة وصورة :
_bالشعر والتصوير عبر العصور /
_cتأليف د. عبد الغفار مكاوي.
264 1 _aالصفاة، الكويت :
_bالمجلس الوطني للثقافة والفنون والآداب،
_c1987.
300 _a318 صفحة :
_bإيضاحيات ;
_c18 سم.
336 _2rdacontent
_aنص
_btxt
337 _2rdamedia
_aبدون وسيط
_bn
338 _2rdacarrier
_aمجلد
_bnc
490 0 _aعالم المعرفة.
_aسلسلة كتب ثقافية شهرية ؛
_v119
504 _aيشتمل على إرجاعات ببليوجرافية.
590 _aAbdullah samir
650 7 _aالشعر
_xتاريخ ونقد.
_2BUEsh
651 _2BUEsh
653 _bARALIT
_bGGEN
_cNovember2017
655 _vReading book
_934232
942 _cBB
_2ddc